000 00460nam a22001697a 4500
999 _c525296
_d525296
003 NUST
038 _awaseem
082 _a954.022
_bJAV
100 _aJaved, Qazi
_916032
245 _aBaresaghir Mein Muslim Fiqar Ka Irtiqa /
_cQazi Javed
260 _aLahore :
_bAsif Javed,
_c1995.
300 _a223 p. ;
500 _aHardcover.
880 _6100-01\r
880 _6245-02\r
_aبرصغیر میں مُسلم فکر کا ارتقاء /
942 _2ddc
_cBK